Normal view
MARC view
- Zarr, Melvyn,
Entry Personal Name
001 - CONTROL NUMBER
- control field: 3906
003 - CONTROL NUMBER IDENTIFIER
- control field: OSt
005 - DATE AND TIME OF LATEST TRANSACTION
- control field: 20170512113655.0
008 - FIXED-LENGTH DATA ELEMENTS
- fixed length control field: 170512|| aca||aabn | a|a d
040 ## - CATALOGING SOURCE
- Original cataloging agency: OSt
- Transcribing agency: OSt
100 ## - HEADING--PERSONAL NAME
- Personal name: Zarr, Melvyn,
- Dates associated with a name: 1936-
670 ## - SOURCE DATA FOUND
- Source citation: Work cat.: (OSt)0: Zarr, Melvyn, 1936-, The bill of rights and the police /, 1980

PORTAL AKMAL
E-MEL JKDM
AKMAL2U
G-BAM
u-PUSTAKA